=LDR 00000nam 2200000 4500 =001 INLIS000000000008614 =005 20260309085045 =035 ##$$a 0010-0223000237 =245 1#$$a Mencari Duit Sebagai Programmer Lepas : $b Meraup Uang Dengan Menjadi Programmer Lepas (Freelancer) Yang Profesional /$c Riza Rizzo =100 1#$$a RIZZO, Riza =300 ##$$a xx, 206 halaman : $b gambar, tabel ; $c 14x21 cm =260 ##$$a Jakarta :$b PT. Elex Media Komputindo,$c 2010 =020 ##$$a 978-979-27-8143-4 =650 #4$$a Pemprograman =520 ##$$a Buku ini berisi kiat-kiat berusaha atau berbisnis menjadi seorang programmer lepas secara profesional. Buku ini memberikan gambaran bagaimana memulai usaha sebagai programmer lepas, mempersiapkan diri, mempersiapkan alat, pembuatan demo dan melakukan pemasaran. =008 260309################g##########0#ind## =082 ##$$a 005.1 =084 ##$$a 005.1 RIZ m =856 ##$$a OPAC (Ruang Sirkulasi - Rak 1.3) =990 ##$$a 179/SP-22